| Tag |
First Indicator |
Second Indicator |
Subfields |
| LEADER |
00000cam a2200000 4500 |
| 001 |
in00000090845 |
| 005 |
20151008063756.0 |
| 008 |
750630s1939 sw a 00010 eng d |
| 010 |
|
|
|a 40029795
|
| 035 |
|
|
|a (OCoLC)01420201
|
| 035 |
|
|
|9 AAK2907AM
|
| 040 |
|
|
|c GSU
|d TXA
|d UtOrBLW
|
| 049 |
|
|
|a TXAM
|c 1 [922741], 2 [467906]
|
| 050 |
0 |
0 |
|a DS793 S62
|b B4
|
| 082 |
0 |
|
|a 913.516
|
| 100 |
1 |
|
|a Bergman, Folke,
|d 1902-1946.
|
| 245 |
1 |
0 |
|a Archaeological researches in Sinkiang, especially the Lopnor region /
|c by Folke Bergman; descriptive lists of textiles by Vivi Sylwan, appendices by Sten Konow and Hjalmar Ljungh; with 20 half tone plates, 2 coloured plates, 36 collotype plates, and 52 illustrations and maps in the text.
|
| 264 |
|
1 |
|a Stockholm :
|b Bokforlags aktiebolaget Thule,
|c 1939.
|
| 300 |
|
|
|a 258 pages :
|b illustrations ;
|c 29 x 23 cm.
|
| 336 |
|
|
|a text
|b txt
|2 rdacontent
|
| 337 |
|
|
|a unmediated
|b n
|2 rdamedia
|
| 338 |
|
|
|a volume
|b nc
|2 rdacarrier
|
| 490 |
1 |
|
|a Reports from the scientific expedition to the north-western provinces of China under the leadership of Dr. Sven Hedin. The Sino-Swedish expedition. Publication 7. VII. Archaeology, 1
|
| 504 |
|
|
|a "Works consulted" : pages 240-245.
|
| 651 |
|
0 |
|a Xinjiang Uygur Zizhiqu (China)
|x Antiquities.
|
| 651 |
|
0 |
|a Lop Nur (China)
|
| 700 |
1 |
|
|a Sylwan, Vivi,
|d 1870-
|
| 700 |
1 |
|
|a Konow, Sten,
|d 1867-1948.
|
| 700 |
1 |
|
|a Ljungh, Hjalmar,
|d 1874-
|
| 830 |
|
0 |
|a Publication (Sino-Swedish Expedition, 1927-1935) ;
|v 7.
|
| 830 |
|
0 |
|a Reports (Sino-Swedish Expedition, 1927-1935).
|n VII.
|p Archaeology ;
|v 1.
|
| 999 |
|
|
|a MARS
|
| 999 |
f |
f |
|s fbfdc0fd-248d-3281-bdd9-aa1daca87381
|i 3642c43a-d5bb-3e42-b7b9-351feb7abcd0
|t 0
|
| 952 |
f |
f |
|p ric
|a Texas A&M University
|b Rellis Campus
|c Joint Library Facility
|s JLF
|d Remote Storage
|t 0
|e DS793 S62 B4
|h Library of Congress classification
|i unmediated -- volume
|m A14802076410
|
| 998 |
f |
f |
|a DS793 S62 B4
|t 0
|l Remote Storage
|